|
|
|
|
| LEADER |
00000ntmaa2200000 a 4500 |
| 001 |
vtls011596651 |
| 003 |
SK-MaSNL |
| 005 |
20260302015131.0 |
| 008 |
230802s1770 xx || 000 1 lat |
| 035 |
|
|
|a urn:nbn:sk:snk-tm00ca9s
|
| 035 |
|
|
|a urn:nbn:sk:snk-tm3n29j
|
| 035 |
|
|
|a 1750C1B0-71B1-4076-B5AF-686B5D4097F0
|
| 040 |
|
|
|a SNKLA
|b slo
|c SNKLA
|e AACR2
|
| 041 |
0 |
|
|a lat
|
| 044 |
|
|
|a xx
|
| 072 |
|
7 |
|a 27-78
|x Kresťanské združenia, spolky a organizácie. Rehoľné rády
|2 konspekt
|
| 080 |
|
|
|a 27-789.32
|2 2011
|
| 080 |
|
|
|a 2-282.5
|2 2011
|
| 080 |
|
|
|a 025.171
|2 2011
|
| 245 |
0 |
0 |
|a [Orationes]
|
| 260 |
|
|
|a [Miesto vzniku nie je známe]
|c [1770?]
|
| 300 |
|
|
|a 37 nečíslovaných strán
|b rukopis, viazaný
|c 14 cm
|
| 500 |
|
|
|a Na prednom prídoští modrou pastelkou napísaná signatúra 98
|
| 520 |
2 |
|
|a Modlitebná knižka
|
| 555 |
0 |
|
|a Inventár rukopisov Archívu literatúry a umenia Matice slovenskej. Rukopisy historických knižníc na Slovensku I. Martin: Matica slovenská 1992
|
| 561 |
|
|
|a Na prednom prídoští záznam vlastníka: Continet micas Panis caelestis seu quasdam praecatiunculas ex variis devotorum ... sententiis p. Stvrteczky
|
| 610 |
2 |
7 |
|a Františkáni (Skalica, Slovensko)
|b Salvatoriánska provincia
|2 SNKLA
|9 344815
|
| 610 |
2 |
7 |
|a Františkáni
|2 SNKKA
|9 174796
|
| 655 |
|
7 |
|a modlitebné knihy
|2 SNKPH
|9 171699
|
| 655 |
|
7 |
|a rukopisy
|2 SNKPH
|9 70548
|
| 700 |
1 |
|
|a Štvrtecký, ?
|4 fmo
|9 660536
|
| 852 |
|
|
|a Slovenská národná knižnica
|b Literárny archív
|
| 958 |
|
|
|a ZH
|
| 958 |
|
|
|a LAVD
|
| 999 |
|
|
|c 1019839
|d 1021769
|
| 952 |
|
|
|a SNKLA
|b SNKLA
|c SNKLA_DEP
|y NEVYP
|7 0
|p 17A1192075
|o snkRHKS 380
|0 0
|1 0
|4 0
|d 2016-11-30
|f 1
|l 0
|r 2026-02-24 13:20:41
|w 2026-02-24
|